Pinceles de curvas con automorfismos
Сохранить в:
| Главные авторы: | , , |
|---|---|
| Формат: | |
| Язык: | испанский |
| Опубликовано: |
Talca
Universidad de Talca
1997
|
| Серии: | Serie de Trabajos
|
| Предметы: | |
| Метки: |
Добавить метку
Нет меток, Требуется 1-ая метка записи!
|
MARC
| LEADER | 00000nam a2200000 a 4500 | ||
|---|---|---|---|
| 001 | UCQ4998 | ||
| 003 | CL-VaPUC | ||
| 008 | 980921e19970000CL |||||||||||||||||spa|d | ||
| 082 | 0 | 4 | |a 512 |b DEL |2 21 |
| 100 | 0 | |a Del Pino, Claudio |e author |9 419131 | |
| 700 | 0 | |a Contreras, Juana |e author |9 419132 | |
| 700 | |a González Aguilera, Víctor |e author |9 419133 | ||
| 245 | 1 | 0 | |a Pinceles de curvas con automorfismos |
| 300 | |a 10 p | ||
| 942 | |c BK | ||
| 945 | |d 19980921 00:00:00 |a mvenant | ||
| 260 | |a Talca |b Universidad de Talca |c 1997 | ||
| 650 | 0 | |a Automorfismo |9 427838 | |
| 650 | 0 | |a Matemática |9 260235 | |
| 583 | |a last modification |c 19980921 00:00:00 |k Rodrigo Vera | ||
| 490 | 0 | |a Serie de Trabajos | |
| 999 | |c 275265 |d 275263 | ||